000 00222nam a22001097a 4500
020 _a978-81-7028-988-3
082 _a494
_bWIL/G
245 _aGANESH
260 _aNEW DELHI
_bWILCO
650 _aSTORY
_zNEW DELHI
942 _cBK
999 _c6976
_d6976